Capitals of Territories - Statistics

General Stats
  • This quiz has been taken 94 times
  • The average score is 20 of 41
Answer Stats
Country Territory Capital % Correct
Denmark Greenland Nuuk
93%
United Kingdom Wales Cardiff
89%
United Kingdom Scotland Edinburgh
88%
United Kingdom Northern Ireland Belfast
84%
United Kingdom Gibraltar Gibraltar
82%
United States Puerto Rico San Juan
79%
United Kingdom Falkland Islands Stanley
71%
France French Polynesia Papeete
70%
Denmark Faroe Islands Tórshavn
66%
France New Caledonia Nouméa
60%
United Kingdom Isle of Man Douglas
58%
France Saint Pierre and Miquelon Saint Pierre
58%
United Kingdom Bermuda Hamilton
55%
Netherlands Curaçao Willemstad
55%
United Kingdom Pitcairn Islands Adamstown
51%
United States American Samoa Pago Pago
51%
Finland Åland Islands Mariehamn
48%
United Kingdom Ascension Island Georgetown
42%
United Kingdom Cayman Islands George Town
42%
United States United States Virgin Islands Charlotte Amalie
41%
United States Northern Mariana Islands Saipan
41%
United Kingdom Jersey St. Helier
41%
Australia Norfolk Island Kingston
40%
Australia Christmas Island Flying Fish Cove
38%
United States Guam Hagåtña
37%
United Kingdom Montserrat Plymouth
37%
United Kingdom Guernsey St. Peter Port
37%
United Kingdom British Virgin Islands Road Town
36%
United Kingdom Anguilla The Valley
36%
United Kingdom Turks and Caicos Islands Cockburn Town
34%
New Zealand Niue Alofi
33%
France Saint Barthélemy Gustavia
33%
Australia Cocos (Keeling) Islands West Island
33%
New Zealand Cook Islands Avarua
32%
United Kingdom Saint Helena Jamestown
32%
Netherlands Sint Maarten Philipsburg
32%
France Saint Martin Marigot
30%
France Wallis and Futuna Mata Utu
29%
Morocco Western Sahara El Aaiún
18%
United Kingdom South Georgia and the South Sandwich Islands King Edward Point
18%
United Kingdom British Indian Ocean Territory Camp Thunder Cove
8%
No matching quizzes found
Score Distribution
Percent of People with Each Score
Percentile by Number Answered
Your Score History
You have not taken this quiz